| 000 | 01275nam a2200313 i 4500 | ||
|---|---|---|---|
| 003 | IT-RoINE | ||
| 005 | 20201113111718.0 | ||
| 008 | 030130s1980 sp |||| r |101|0 spa d | ||
| 020 | _a8431306483 | ||
| 040 |
_aUPSA _cIT-RoINE |
||
| 111 | 2 |
_92937 _aSimposio internacional de teología _n(1º. _d1979. _cPamplona, España) |
|
| 245 | 1 | 0 |
_aÉtica y teología ante la crisis contemporánea / _cI Simposio Internacional de Teologia ; edicion preparada por la Comision Cientifica del Simposio, J- L. Illanes (director), P. G. Alves de Sousa, T. Lopez, A. Sarmiento. |
| 260 |
_aPamplona : _bEUNSA, _c1980. |
||
| 300 |
_a661 p. ; _c24 cm. |
||
| 336 |
_2rdacontent _atext |
||
| 337 |
_2rdamedia _aunmediated |
||
| 338 |
_2rdacarrier _avolume |
||
| 490 | 1 | 0 |
_aColección teológica ; _v25 |
| 500 | _aIncluye índice. | ||
| 504 | _aIncluye bibliografía. | ||
| 650 | 0 | 4 |
_92938 _aÉtica social _vCongresos |
| 700 | 1 |
_aSousa, Pio Gonçalo Alves de _92939 |
|
| 700 | 1 |
_aLópez, Teodoro, _d1940- _92940 |
|
| 700 | 1 |
_aSarmiento, Augusto, _92934 _d1941- |
|
| 700 | 1 |
_aIllanes Maestre, José Luis, _d1933- _92941 |
|
| 710 | 2 |
_92942 _aUniversidad de Navarra (Pamplona, España). _bFacultad de Teología |
|
| 830 | 0 |
_92208 _aColección teológica (Universidad de Navarra) ; _v25 |
|
| 942 | _cMTS | ||
| 999 |
_c1522 _d1522 |
||